<?xml version="1.0" encoding="UTF-8"?>
<collection xmlns="http://www.loc.gov/MARC21/slim">
 <record>
  <leader>01841nam a2200205Ia 4500</leader>
  <controlfield tag="001">TDMU_40322</controlfield>
  <controlfield tag="008">210410s9999    xx            000 0 und d</controlfield>
  <datafield tag="082" ind1=" " ind2=" ">
   <subfield code="a">362.1</subfield>
  </datafield>
  <datafield tag="090" ind1=" " ind2=" ">
   <subfield code="b">TR121</subfield>
  </datafield>
  <datafield tag="100" ind1=" " ind2=" ">
   <subfield code="a">Trần, Đức Tịnh</subfield>
  </datafield>
  <datafield tag="245" ind1=" " ind2="0">
   <subfield code="a">Tăng cường khai thác nguồn tài nguyên thông tin tại Thư viện trường Đại học Thủ Dầu Một</subfield>
  </datafield>
  <datafield tag="245" ind1=" " ind2="0">
   <subfield code="c">Trần Đức Tịnh; Phạm Tấn Hạ (h.dẫn)</subfield>
  </datafield>
  <datafield tag="260" ind1=" " ind2=" ">
   <subfield code="a">Bình Dương</subfield>
  </datafield>
  <datafield tag="260" ind1=" " ind2=" ">
   <subfield code="c">2019</subfield>
  </datafield>
  <datafield tag="300" ind1=" " ind2=" ">
   <subfield code="a">98 tr.+ Phụ lục</subfield>
  </datafield>
  <datafield tag="520" ind1=" " ind2=" ">
   <subfield code="a">Đồng ý về việc phục vụ đọc trực tuyến, cho chép file; cho photo 100% tài liệu; TM tài liệu tham khảo sau phần kết luận; Luận văn Thạc sĩ trường Đại học Khoa học xã hội và nhân văn. Chuyên ngành: Khoa học Thông tin - Thư viện; Mã số: 60320203; Luận văn gồm 3 chương: Cơ sở lý luận về hoạt động khai thác nguồn tài nguyên thông tin tại thư viện đại học; khảo sát, đánh giá hiện trạng hoạt động khai thác nguồn TNTT tại Thư viện trường ĐH Thủ Dầu Một; giải pháp tăng cường khai thác nguồn TNTT tại Thư viện trường ĐH Thủ Dầu Một</subfield>
  </datafield>
  <datafield tag="650" ind1=" " ind2=" ">
   <subfield code="a">Thư viện</subfield>
   <subfield code="x">Nguồn tài nguyên thông tin</subfield>
   <subfield code="z">Đại học Thủ Dầu Một (Bình Dương - Việt Nam); Tài nguyên thông tin</subfield>
   <subfield code="x">Vốn tài liệu</subfield>
   <subfield code="x">Cơ sở dữ liệu</subfield>
   <subfield code="z">Thư viện trường Đại học Thủ Dầu Một (Bình Dương - Việt Nam)</subfield>
  </datafield>
  <datafield tag="700" ind1=" " ind2=" ">
   <subfield code="a">Phạm, Tấn Hạ</subfield>
  </datafield>
  <datafield tag="856" ind1=" " ind2=" ">
   <subfield code="u">http://lrc.tdmu.edu.vn/opac/search/detail.asp?aID=2&amp;ID=40322</subfield>
  </datafield>
  <datafield tag="980" ind1=" " ind2=" ">
   <subfield code="a">Trung tâm Học liệu Trường Đại học Thủ Dầu Một</subfield>
  </datafield>
 </record>
</collection>
